Statistics for Current PL Players Who Played In 2006 World Cup

Click here to take the quiz!

General Stats

  • This quiz has been taken 13 times
  • The average score is 3 of 6

Answer Stats

CountryAnswer% Correct
Czech RepublicPetr Cech
83%
EcuadorAntonio Valencia
67%
SpainCesc Fabregas
67%
PolandLukasz Fabianski
33%
EnglandTheo Walcott
33%
EnglandAaron Lennon
17%

Score Distribution

Percentile by Number Answered

Percent of People with Each Score

Your Score History

You have not taken this quiz